| 000 | 00851nas a2200277 4500 | ||
|---|---|---|---|
| 001 | BR0604116 | ||
| 003 | BR-BrBNA | ||
| 005 | 20231205110425.0 | ||
| 007 | ta | ||
| 008 | 230509b bl.|||p| |||| 00| 00por d | ||
| 040 |
_aBR-BrBNA _bpor _cBiblioteca Nacional de Agricultura |
||
| 041 | _a(En) | ||
| 072 | _aL72 | ||
| 100 | 1 | _aFernandes, F. de F. | |
| 100 | 1 | _aFreitas, E. de P. e S. | |
| 100 | 1 | _aCosta, A.C. da | |
| 100 | 1 | _aSilva, I.G. da | |
| 245 | 1 | _aLarvicidal potential of Sapindus saponaria to control the cattle tick Boophilus microplus | |
| 650 | _aBOVINO | ||
| 650 | _aCARRAPATO | ||
| 650 | _aACARICIDA | ||
| 650 | _aCONTROLE QUÍMICO | ||
| 773 | 0 |
_tPesquisa Agropecuária Brasileira (Brazil) _xISSN 0100-204X _g(Dec 2005), v. 40(12) p. 1243-1245 _wBR0604116 |
|
| 909 |
_a202311 _bLúcia _c55 _dLúcia Elande |
||
| 942 |
_2AGRIS _n0 _cANA |
||
| 999 |
_c187334 _d187334 |
||